000 00467nam a22001817a 4500
003 SISC
005 20160317132027.0
008 130831t xxu||||| |||| 00| 0 eng d
020 _a0237449757
050 _aNE 860
_b.P957 1980
082 _aHS 686.02
_bP93 1980
245 _aPrint ideas /
260 _aLondon :
_bEvan Brothers,
_c1980.
300 _a94 p. ;
_bill. col. ;
_c21 cm.
650 _aPrinting
_xStyle manuals
_915972
942 _2lcc
_cBK
999 _c10099
_d10099